01361cam a2200301 a 450000100100000000500170001000800410002702000150006803500190008303500200010204000300012205000250015205100790017708200220025610000260027824500950030426000650039930000330046450001280049750400660062560000470069165100320073865000760077060000570084670000340090371000560093771000660099300000762820200929154234.0950120s1994 flua bc 001 0 eng d a0935761071 a(DLC) 95135344 a(OCoLC)31861301 aDO-SdBNPbspacBNPHUdDLC00aNE2325.5.M5bA4 1994 aNE2325.5.M5bA4 1994 Copy 3cProvenance: Gift of Jay I. Kislak Foundation. a769.92220bC965m1 aCueto, Emilio,d1944-10aMialhe's colonial Cuba :bthe prints that shaped the world's view of Cuba /cEmilio Cueto. aMiami :bHistorical Association of Southern Florida,cc1994. avii, 132 p. :bil. ;c22 cm. aCatálogo de una exposición celebrada en el Museo Histórico del Sur de la Florida de 6 de octubre 1994-enero 30, 1995. aIncluye referencias bibliográficas (p. 125-128) e índice.10aMialhe, Frederic,d1810-1881vExhibitions. 0aCubavIin artvExhibitions. 0aLithographyxPrivate collectionszWashington (D.C.{Rpara}vExhibitions.10aCueto, Emilio,d1944-xArt collectionsvExhibitions.1 aMialhe, Frederic,d1810-1881.1 aHistorical Museum of Southern Florida (Miami, Fla.)1 aJay I. Kislak Reference Collection (Library of Congress)5DLC